000 00249nam a2200109Ia 4500
008 190216s9999||||xx |||||||||||||| ||und||
100 _aNull
245 0 _aHindi-Bharathiya Sambrthi
260 _bPrabhakar Publications
300 _a140
942 _cBK
999 _c17230
_d17230